000
00354nam a2200169Ia 4500
100
_a
Stallings William
650
_a
Operating systems
250
_a
6
942
_c
BK
366
_f
25
245
_a
Operating Systems
260
_b
Pearson Education
_c
2009
082
_a
5.43
_b
STA
300
_a
822
546
_a
ENGLISH
_c
PAMPHALETS
999
_c
34421
_d
34421